01073 2200337 4500001002100000005001500021035002000036007000300056008004100059020002200100082001600122084001800138100002300156245013100179250002400310300005000334650002200384700003300406700003600439700003000475264003100505336002100536337003000557338002300587040002200610090002200632850001200654504002500666999002200691990002200713INLIS00000000088569420240422025809 a0010-0424000321ta240418s yoia g 0 ind d a978-623-7661-23-804223a808.066 a808.066 MUL p0 aMulasihePengarang10aPanduan praktis menulis karya ilmiah /cMulasih, Winda Dwi Hudhana; penyunting, Riskaninda Maharani; ilustrator, Firsta Atinda aCetakan kedua, 2022 avi, 194 halaman :bilustrasi, gambar ;c21 cm 4aPenulisan, Teknik0 aWinda Dwi HudhanaePengarang0 aRiskaninda MaharaniePenyunting0 aFirsta AtindaeIlustrator31aSleman :bChecklist,c2022 2rdacontentateks 2rdamediaatanpa perantara 2rdacarrieravolume aYOPDYOGbinderda aCB-D.11 2022-4794 aYOPDYOG aTermasuk bibliografi aCB-D.11/2022-4794 aCB-D.11/2022-4794